Cordoba : primera serie de cartas sobre la vida y las costumbres en el interior /

Guardado en:
Autor Principal: Eizaguirre, Jose Manuel
Formato: Libro
Publicado: Cordoba : Bruno, 1898
Materias:
Etiquetas: Agregar Etiqueta
Sin Etiquetas, Sea el primero en etiquetar este registro!
LEADER 00528nam a22001575a 4500
001 EHU.bham015168
003 AR-BHAM
005 20100406200039.0
008 130507s1898##################000#0#####d
082 9 8 |a 982.5 
100 1 |a Eizaguirre, Jose Manuel 
245 1 0 |a Cordoba :  |b primera serie de cartas sobre la vida y las costumbres en el interior /  |c Jose Manuel Eizaguirre 
260 |a Cordoba :  |b Bruno,  |c 1898 
300 |a 391 p. 
653 |a Historia de argentina-centro 
859 |a AR-BHAM  |b BIB. HUMANIDADES - General  |h 982.5  |i Ei99  |p 631.70  |t Ej.1